载入...

Mass Media In A Free Society

书目详细资料
主要作者: Agee, Warren K, Ed
格式: Printed Book
语言:Undetermined
出版: New Delhi: Oxford & Ibh Publishers Co., 1969
主题:
LEADER 00527nam a2200157Ia 4500
008 200110s9999||||xx |||||||||||||| ||und||
080 |a 302.23  |b AGE-M 
100 |a  Agee, Warren K, Ed. 
245 0 |a Mass Media In A Free Society 
260 |a New Delhi:  |b Oxford & Ibh Publishers Co.,   |c 1969 
300 |a 96 p.  |f HB 
500 |a General 
650 |a Mass Media In A Free Society  
942 |c BK 
999 |c 257037  |d 257037 
952 |0 0  |1 0  |4 0  |6 302_230000000000000_AGEM  |7 0  |9 272961  |a SOC  |b SOC  |l 0  |o 302.23 AGE-M  |p SOC6638  |r 2020-01-14  |w 2020-01-14  |y BK